The top ten business models for management consultancy surveyors (Record no. 121876)
[ view plain ]
| 000 -LEADER | |
|---|---|
| fixed length control field | 00920nam a22002177a 4500 |
| 008 - FIXED-LENGTH DATA ELEMENTS--GENERAL INFORMATION | |
| fixed length control field | 240402s2009 xxk|||||r|||| 00| 0 eng d |
| 041 ## - LANGUAGE CODE | |
| Language code of text/sound track or separate title | eng |
| 100 ## - MAIN ENTRY--PERSONAL NAME | |
| Personal author | Challinor, Deborah |
| 110 ## - MAIN ENTRY--CORPORATE NAME | |
| Corporate author | Royal Institution of Chartered Surveyors |
| 245 ## - TITLE STATEMENT | |
| Title | The top ten business models for management consultancy surveyors |
| 260 ## - PUBLICATION INFORMATION | |
| Place of publication | London, |
| Publisher | Royal Institution of Chartered Surveyors, |
| Date | November 2009 |
| 300 ## - PHYSICAL DESCRIPTION | |
| Physical description | 31p. |
| 490 ## - SERIES TITLE | |
| Series statement | RICS Management Consultancy |
| 520 ## - ABSTRACT | |
| Abstract | Covers information about ten different models: PEST, SWOT, Porter's five focus, Stategic positioning, Boston Consulting Group - Growth Share Matrix, Value Chain, McKinsey 7-S framework, root cause, forece field analysis, problem framing. |
| 650 ## - KEYWORDS | |
| Keywords | MANAGEMENT CONSULTANCY |
| 650 ## - KEYWORDS | |
| Keywords | STRATEGY |
| 651 ## - SUBJECT ADDED ENTRY--GEOGRAPHIC NAME | |
| Geographic name | International |
| 690 ## - BROAD SUBJECT | |
| Broad subject | Business and management |
| 9 (RLIN) | 6226 |
| 710 ## - ADDED CORPORATE NAME | |
| Added corporate author | Royal Institution of Chartered Surveyors |
| 942 ## - ADDED ENTRY ELEMENTS (KOHA) | |
| Suppress in OPAC | Do not suppress in OPAC |
| Lost status | Damaged status | Not for loan | Current library | Shelving location | Date acquired | Total Checkouts | Full call number | Date last seen | Price effective from | Koha item type |
|---|---|---|---|---|---|---|---|---|---|---|
| Archives | RICS Boxes | 02/04/2024 | RICS 2009/63 | 02/04/2024 | 02/04/2024 | Reference material |